| 000 | 00719nam a22002297a 4500 | ||
|---|---|---|---|
| 005 | 20170124110046.0 | ||
| 010 | _aA-953324 | ||
| 020 |
_c00.00 _a8185361177 |
||
| 035 | _aA-953324 | ||
| 037 | _bCen Lib/Ret | ||
| 040 |
_aDPL _bEN |
||
| 082 |
_a796.358 _bGOT |
||
| 100 |
_aGothoskar, M. V. _924642 |
||
| 245 |
_aThe burning finger : _cby M.V. Gothoskar [and] A.G. Bhagwat _ban indian umpire looks back / |
||
| 260 |
_aBombay _bMarine Sports _c1992 |
||
| 270 |
_a63A, gokhale road _bBombay _e400028 |
||
| 300 |
_a153p. ; _c16cm(Hb) _bill. |
||
| 650 |
_aTest matches (Cricket) _924643 |
||
| 650 |
_aCricket _xUmpiring _924644 |
||
| 700 |
_aBhagwat, A.G.. _924645 |
||
| 942 |
_2ddc _cEN _h796.358 _mGOT |
||
| 999 |
_c128862 _d128862 |
||